[Event "GER-ch Youth U12 2020"]
[Site "Willingen"]
[Date "2020.10.28"]
[Round "2.1"]
[White "Korek, Jakob Alexander"]
[Black "von Mettenheim, Johannes"]
[Result "0-1"]
[WhiteElo "1592"]
[BlackElo "1995"]
[Annotator "TA"]
[PlyCount "54"]
[EventDate "2020.10.27"]
[EventType "swiss"]
[EventRounds "7"]
[EventCountry "GER"]
[SourceTitle "playchess.com"]
[Source "ChessBase"]
[SourceQuality "1"]

{[%evp 15,54,9,18,12,15,0,6,-13,-3,-3,-3,-2,-2,-2,-2,-6,-2,-27,-2,-2,0,-17,25,-200,-198,-236,-212,-287,-273,-525,-514,-520,-531,-664,-644,-718,-712,-908,-900,-930,-895]} 1. d4 Nf6 2. c4 e6 3. g3 d5 4. Nf3 Be7 5. Bg2 O-O 6. O-O dxc4 7. Qc2 a6 8. a4 Bd7 9. Bg5 {E05: Open Catalan: 5 Nf3 Be7.} Bc6 10. e3 b5 11. Nbd2 {The position is equal.} Nd5 12. Bxe7 Qxe7 13. Ne5 Bb7 14. b3 f6 $36 {[%mdl 2048] Black has some pressure.} 15. Nef3 $1 ({But not} 15. bxc4 $2 Nb4 $19) 15... c3 16. e4 cxd2 17. exd5 Bxd5 {Strongly threatening ...Nc6.} 18. Nxd2 Rd8 {[#] And now ...Nc6 would win.} 19. Nf3 $2 {White does not recover from this.} (19. axb5 $11 {and White stays safe.} Bxg2 20. Kxg2) 19... Nc6 $19 20. Rfd1 Rab8 21. Qc3 bxa4 22. bxa4 $2 {[#]} (22. Nd2 Bxg2 23. Kxg2 Nxd4 24. bxa4) 22... Rb3 {Black is clearly winning.} 23. Qc2 {intending Ng5!} Rxf3 ({Weaker is} 23... Bxf3 24. Bxf3 Na5 25. Rd3 $15) 24. Bxf3 Bxf3 25. Rd2 Nxd4 26. Qc4 c5 27. Rc1 Bd5 {Av CentiPawn Loss W=-58/B=-9. Weighted=-70/-9} 0-1

[Event "GER-ch Youth U12 2020"]
[Site "Willingen"]
[Date "2020.10.28"]
[Round "2.2"]
[White "Haubold, Christian Lucas"]
[Black "Kempe, Caius Emilian"]
[Result "0-1"]
[WhiteElo "1615"]
[BlackElo "1840"]
[Annotator "NA RC"]
[PlyCount "72"]
[EventDate "2020.10.27"]
[EventType "swiss"]
[EventRounds "7"]
[EventCountry "GER"]
[SourceTitle "playchess.com"]
[Source "ChessBase"]
[SourceQuality "1"]
[TimeControl "40/5400+30:1800+30"]

{[%evp 9,55,23,25,24,32,-46,26,-32,-24,-43,-34,-56,-28,-184,-126,32767,32767,-183,32767,32767,-279,-280,-327,-372,-360,-364,-317,-316,-340,-693,-437,-433,-358,-350,-339,-328,-204,-180,32767,32767,32767,32767,32767,-83,-119,-231,-344,-475]} 1. e4 {[%emt 0:00:00]} c5 {[%emt 0:00:00]} 2. Nf3 {[%emt 0:00:00]} a6 {[%emt 0:00:00]} 3. d4 {[%emt 0:02:08]} cxd4 {[%emt 0:00:00]} 4. Nxd4 {[%emt 0:00:11]} e5 {[%emt 0:00:18]} 5. Nb3 {[%emt 0:26:42]} Nf6 {[%emt 0:00:38]} 6. Bd3 {[%emt 0:05:07]} d5 {[%emt 0:03:53]} 7. Bg5 {[%emt 0:07:35] B28: Sicilian: 2 Nf3 a6 (O'Kelly Variation).} ({White should try} 7. exd5 $11 Qxd5 8. O-O) 7... d4 {[%emt 0:11:32] [#]} (7... dxe4 $15 8. Bxf6 gxf6 9. Bxe4 Qxd1+ 10. Kxd1 f5) 8. Qf3 $146 {[%emt 0:05:34]} ({Predecessor:} 8. O-O Be7 9. a4 Bg4 10. f3 Be6 11. N1d2 Nc6 12. Bc4 h6 13. Bxf6 gxf6 14. Bxe6 fxe6 {½-½ (40) Bardos,I (1960)-Farkas,S (1836) Hungary 2016}) 8... Be7 {[%emt 0:00:37]} 9. h3 {[%emt 0:07:11]} O-O {[%emt 0:02:08]} 10. N1d2 {[%emt 0:02:00]} Nc6 {[%emt 0:00:59]} 11. O-O-O {[%emt 0:06:34]} (11. O-O $15) 11... Be6 {[%emt 0:03:54]} ({Black should play} 11... a5 $19 12. Kb1 a4) 12. Kb1 {[%emt 0:03:51]} Rc8 {[%emt 0:02:03]} 13. Nf1 {[%emt 0:05:59]} (13. Qe2 $17) 13... a5 {[%emt 0:05:28]} 14. Ng3 {[%emt 0:06:13] [#]} a4 $1 {[%emt 0:00:55]} 15. Nc1 {[%emt 0:01:08]} Qb6 {[%emt 0:05:01]} 16. Bxf6 {[%emt 0:02:41]} Bxf6 {[%emt 0:00:50]} 17. Nf5 {[%emt 0:01:04]} a3 {[%emt 0:05:49]} 18. b3 {[%emt 0:01:29]} Nb4 {[%emt 0:00:14]} 19. Qe2 $2 {[%emt 0:03:45]} (19. Ne2) 19... Qc5 {[%emt 0:01:16]} 20. c4 {[%emt 0:02:30]} dxc3 {[%emt 0:00:46]} 21. Bc2 {[%emt 0:00:15]} Bxf5 {[%emt 0:02:01]} 22. exf5 {[%emt 0:00:09] [#]} e4 $1 {[%emt 0:00:34]} 23. Qxe4 {[%emt 0:01:11]} Rfe8 {[%emt 0:00:36]} 24. Qf3 {[%emt 0:00:31]} Nxc2 {[%emt 0:02:23]} 25. Kxc2 {[%emt 0:00:15]} Bg5 {[%emt 0:02:08]} 26. Nd3 {[%emt 0:00:53]} Qb5 {[%emt 0:01:18]} 27. h4 {[%emt 0:00:51] [#]} (27. Rde1 $17 {is a better defense.}) 27... Bd2 $1 {[%emt 0:00:22]} 28. Rh3 $19 {[%emt 0:00:27]} (28. f6 $142) 28... f6 {[%emt 0:03:45]} 29. h5 {[%emt 0:00:54]} h6 {[%emt 0:00:36]} 30. Rg3 {[%emt 0:00:22]} Qd7 {[%emt 0:00:32]} 31. Qg4 {[%emt 0:00:30]} Qe7 {[%emt 0:01:20]} 32. f4 {[%emt 0:00:47]} Rc7 {[%emt 0:00:27]} 33. Rf1 {[%emt 0:00:44]} b5 {[%emt 0:01:57]} 34. Rd1 {[%emt 0:01:16]} Qe2 {[%emt 0:01:47]} 35. Qxe2 {[%emt 0:01:35]} Rxe2 {[%emt 0:00:01]} 36. Rf1 {[%emt 0:01:23]} Bxf4+ {[%emt 0:00:48]} 0-1

[Event "GER-ch Youth U12 2020"]
[Site "Willingen"]
[Date "2020.10.28"]
[Round "2.3"]
[White "Mueller, Maximilian"]
[Black "Navarro Jahnke, Leo"]
[Result "0-1"]
[WhiteElo "2303"]
[BlackElo "1686"]
[Annotator "TA"]
[PlyCount "112"]
[EventDate "2020.10.27"]
[EventType "swiss"]
[EventRounds "7"]
[EventCountry "GER"]
[SourceTitle "playchess.com"]
[Source "ChessBase"]
[SourceQuality "1"]

{[%evp 9,112,45,58,55,76,60,59,47,62,47,71,49,46,19,10,-17,32,25,125,17,100,44,108,0,20,19,18,-41,0,-12,-20,-98,-45,-105,-87,-265,-290,-377,-394,-884,-250,-236,0,0,157,-322,-256,-233,-251,-697,0,-687,-694,-697,-694,-666,-652,-630,-619,-939,-940,-938,-935,-931,-891,-924,-914,-1011,-995,-1064,-1058,-1041,-1014,-5265,-2732,-29978,-29980,-29981,-29971,-29980,-29982,-29982,-29982,-29985,-29985,-29985,-29986,-29987,-29988,-29988,-29989,-29990,-29991,-29991,-29992,-29992,-29993,-29993,-29992,-29992,-29993,-29995,-29996,-29996,-29997]} 1. e4 c5 2. Nf3 Nf6 3. e5 Nd5 4. Nc3 Nxc3 5. dxc3 e6 6. Bf4 {B29: Sicilian: 2 Nf3 Nf6 (Nimzowitsch Variation).} b6 7. Be2 Bb7 8. Qd2 {White is slightly better.} Nc6 9. O-O-O Qc7 10. Ng5 Ne7 11. Bb5 {[%cal Rb5d7]} Rd8 $1 12. f3 a6 13. Bd3 $1 Nd5 (13... h6 $11 14. Ne4 Nd5) 14. Bg3 ({White should play} 14. c4 $16 Nxf4 15. Qxf4) 14... c4 (14... Be7 $11 {keeps the balance.}) 15. Be4 ({White should try} 15. Bxh7 $16 g6 16. h4) 15... Be7 ({Better is} 15... Bc5 $14 16. Rhe1 (16. Bxd5 Bxd5 17. Rhe1 h6 $14) 16... h6) 16. Nh3 (16. Bxd5 Bxd5 17. Rhe1 O-O $11) (16. Nxh7 $16 b5 17. a3 (17. Bxd5 Bxd5 18. Ng5 b4 $16)) 16... b5 $11 17. Bxd5 Bxd5 18. Kb1 (18. Nf4 $11) 18... Rb8 19. Nf4 Bc6 20. b3 (20. Nh5 $11 O-O 21. a3) 20... b4 (20... O-O $17) 21. cxb4 (21. Nh5 $1 $15 Kf8 22. cxb4) 21... Bxb4 22. c3 $2 (22. Qd4 $17 {was worth a try.}) 22... Ba3 $19 23. b4 a5 {[%cal Ra5b4]} 24. Nh5 $2 (24. b5 Rxb5+ 25. Ka1 Bb2+ 26. Qxb2 Rxb2 27. Kxb2) 24... Rg8 $2 (24... axb4 25. Ka1 bxc3 26. Nxg7+ Kf8 $1 {[%mdl 512]}) 25. Qg5 {[#]} axb4 $2 (25... h6 $1 $19 {[%cal Rh6g5]} 26. Nxg7+ Kf8 27. Qxh6 Rxg7) 26. Nf6+ $1 $11 {[%mdl 64] Double Attack} Kd8 $2 (26... Kf8 $11 27. Nxh7+ Ke8 28. Nf6+ Kf8 29. Nh7+ Ke8 30. Nf6+ Kf8 31. Nh7+) 27. Nd5+ $2 (27. Nxg8+ $16 Kc8 28. Ne7+ Kb7 29. Nxc6 bxc3 30. Kc2 (30. Nb4 Qc5 $15) 30... Qxc6 31. Rb1+ (31. Qxg7 $2 Qb5 $19) (31. Kxc3 Bb4+ 32. Kxb4 c3 $11) 31... Bb2 32. Rxb2+ (32. Kd1 $2 Qa4+ {[%mdl 64] Double Attack} 33. Ke1 Kc7 $17) 32... cxb2 33. Rb1 (33. Kxb2 Qb6+ 34. Kc2 Kc8 $17) (33. Qxg7 Qa4+ 34. Kd2 c3+ 35. Kd3 c2 $19) 33... Qa4+ 34. Kxb2 Kc8+ 35. Ka1) 27... f6 28. exf6 bxc3+ {[%cal Bb4c3,Bc3c2][%mdl 96] [#] Discovered Attack} 29. Ka1 $2 (29. Nb4 $1 {[%mdl 512]} Rxb4+ (29... Bxb4 30. f7+) 30. Kc2) 29... Bb2+ $19 30. Kb1 {[#]} c2+ $1 {[%mdl 576] Decoy} 31. Kxc2 Ba4+ {[%mdl 64] Skewer} 32. Kd2 Qa5+ {[%mdl 64] Double Attack, Pin} 33. Ke2 {Threatening mate with f7+.} Bxf6 34. Bxb8 {aiming for Bc7+.} Bxd1+ 35. Rxd1 Bxg5 36. Bc7+ {[#]} Qxc7 $1 37. Nxc7 Kxc7 {[%mdl 4096] Endgame KRB-KR} 38. a4 Ra8 39. Ra1 Bf6 40. Ra2 d5 41. g4 Rb8 42. Ke3 g5 {Black mates.} 43. a5 Rb3+ 44. Ke2 Rb2+ 45. Rxb2 Bxb2 {KB-KP} 46. Ke3 e5 47. Kd2 d4 48. Kc2 Bc3 49. a6 Kb6 50. h3 Kxa6 {KB-K3P} 51. Kd1 d3 52. Kc1 Kb5 53. Kd1 Kc5 54. Kc1 Kd4 55. Kd1 Ke3 56. Kc1 Ke2 {Av CentiPawn Loss W=-109/B=-51. Weighted=-123/-69} 0-1

[Event "GER-ch Youth U12 2020"]
[Site "Willingen"]
[Date "2020.10.28"]
[Round "2.4"]
[White "Chinguun Sundui"]
[Black "Torosyan, Bagrat"]
[Result "1-0"]
[WhiteElo "1746"]
[BlackElo "1634"]
[Annotator "NA RC"]
[PlyCount "67"]
[EventDate "2020.10.27"]
[EventType "swiss"]
[EventRounds "7"]
[EventCountry "GER"]
[SourceTitle "playchess.com"]
[Source "ChessBase"]
[SourceQuality "1"]
[TimeControl "40/5400+30:1800+30"]

1. e4 {[%emt 0:00:00]} c5 {[%emt 0:00:00]} 2. Nf3 {[%emt 0:00:00]} d6 {[%emt 0:00:00]} 3. Nc3 {[%emt 0:00:00]} Nf6 {[%emt 0:00:24]} 4. e5 {[%emt 0:00:09]} dxe5 {[%emt 0:01:05]} 5. Nxe5 {[%emt 0:00:07]} Nbd7 {[%emt 0:02:55]} 6. Nc4 {[%emt 0:00:34]} Nb6 {[%emt 0:03:48]} 7. b3 {[%emt 0:00:23]} Bg4 {[%emt 0:08:53]} 8. Be2 {[%emt 0:01:17]} Bxe2 {[%emt 0:04:09]} 9. Qxe2 {[%emt 0:02:41]} e6 {[%emt 0:02:15]} 10. O-O {[%emt 0:02:29]} Be7 {[%emt 0:01:03]} 11. Bb2 {[%emt 0:03:03]} O-O {[%emt 0:01:48]} 12. Rfd1 {[%emt 0:01:25]} Nxc4 {[%emt 0:07:28]} 13. bxc4 {[%emt 0:00:30]} a6 {[%emt 0:05:20]} 14. Rab1 {[%emt 0:03:39]} Qc7 {[%emt 0:05:56]} 15. Qf3 {[%emt 0:06:31]} Bd6 {[%emt 0:04:02]} 16. h3 {[%emt 0:01:08]} Be5 {[%emt 0:03:51]} 17. Re1 {[%emt 0:07:48]} Bd4 {[%emt 0:06:27]} 18. Ne2 {[%emt 0:01:34]} Bxb2 {[%emt 0:00:10]} 19. Rxb2 {[%emt 0:00:20]} Rab8 {[%emt 0:01:59]} 20. Reb1 {[%emt 0:00:14]} b6 {[%emt 0:00:36]} 21. d3 {[%emt 0:02:24]} Rfd8 {[%emt 0:02:47]} 22. g4 {[%emt 0:06:32]} Rb7 {[%emt 0:14:06]} 23. Kg2 {[%emt 0:04:02]} Rdb8 {[%emt 0:01:52]} 24. Nc3 {[%emt 0:03:23]} Ne8 {[%emt 0:03:33]} 25. h4 {[%emt 0:04:15]} Nd6 {[%emt 0:02:31]} 26. a4 {[%emt 0:00:44]} h5 {[%emt 0:03:09]} 27. g5 {[%emt 0:07:50]} g6 {[%emt 0:00:52]} 28. Ne4 {[%emt 0:01:10]} Nf5 {[%emt 0:02:56]} 29. Nf6+ {[%emt 0:00:42]} Kg7 {[%emt 0:01:48]} 30. Qe4 {[%emt 0:00:57]} Qe7 {[%emt 0:06:02]} 31. Qe5 {[%emt 0:03:40]} Nxh4+ {[%emt 0:02:04]} 32. Kh3 {[%emt 0:00:13]} Nf3 {[%emt 0:00:48]} 33. Nxh5+ {[%emt 0:00:15]} Kg8 {[%emt 0:00:37]} 34. Qg7# {[%emt 0:00:09]} 1-0

[Event "GER-ch Youth U12 2020"]
[Site "Willingen"]
[Date "2020.10.28"]
[Round "2.5"]
[White "Toth, Luca"]
[Black "Uhlmann, Tim"]
[Result "1-0"]
[WhiteElo "1680"]
[BlackElo "1523"]
[Annotator "NA RC"]
[PlyCount "169"]
[EventDate "2020.10.27"]
[EventType "swiss"]
[EventRounds "7"]
[EventCountry "GER"]
[SourceTitle "playchess.com"]
[Source "ChessBase"]
[SourceQuality "1"]
[TimeControl "40/5400+30:1800+30"]

1. e4 {[%emt 0:00:00]} e5 {[%emt 0:00:00]} 2. Nf3 {[%emt 0:00:00]} Nc6 {[%emt 0:00:00]} 3. Bc4 {[%emt 0:00:00]} Bc5 {[%emt 0:00:00]} 4. c3 {[%emt 0:00:00]} Nf6 {[%emt 0:00:00]} 5. d3 {[%emt 0:00:00]} a6 {[%emt 0:00:04]} 6. Nbd2 {[%emt 0:00:00]} Ba7 {[%emt 0:00:24]} 7. h3 {[%emt 0:00:04]} h6 {[%emt 0:00:25]} 8. Nf1 {[%emt 0:00:09]} d5 {[%emt 0:00:06]} 9. exd5 {[%emt 0:00:19]} Nxd5 {[%emt 0:00:07]} 10. Ng3 {[%emt 0:00:35]} Qd6 {[%emt 0:00:08]} 11. Ne4 {[%emt 0:01:14]} Qe6 {[%emt 0:07:35]} 12. Qb3 {[%emt 0:05:05]} Nce7 {[%emt 0:00:15]} 13. O-O {[%emt 0:02:36]} c6 {[%emt 0:01:21]} 14. Re1 {[%emt 0:03:31]} b5 {[%emt 0:01:03]} 15. Bxd5 {[%emt 0:00:06]} cxd5 {[%emt 0:00:36]} 16. Ng3 {[%emt 0:00:24]} Ng6 {[%emt 0:01:43]} 17. Be3 {[%emt 0:01:51]} O-O {[%emt 0:01:40]} 18. Bxa7 {[%emt 0:02:22]} Rxa7 {[%emt 0:01:09]} 19. a4 {[%emt 0:17:42]} Rb7 {[%emt 0:08:01]} 20. axb5 {[%emt 0:07:49]} Rxb5 {[%emt 0:00:47]} 21. Qc2 {[%emt 0:00:26]} Qb6 {[%emt 0:02:46]} 22. b4 {[%emt 0:02:16]} f6 {[%emt 0:05:26]} 23. d4 {[%emt 0:03:09]} e4 {[%emt 0:00:43]} 24. Nd2 {[%emt 0:00:14]} f5 {[%emt 0:02:38]} 25. f3 {[%emt 0:26:02]} f4 {[%emt 0:04:09]} 26. Ngf1 {[%emt 0:00:14]} e3 {[%emt 0:00:58]} 27. Nb3 {[%emt 0:00:11]} Nh4 {[%emt 0:10:18]} 28. Nh2 {[%emt 0:00:46]} Bf5 {[%emt 0:01:12]} 29. Qe2 {[%emt 0:02:04]} Qg6 {[%emt 0:01:51]} 30. Kh1 {[%emt 0:09:27]} Bd3 {[%emt 0:07:06]} 31. Qb2 {[%emt 0:00:07]} e2 {[%emt 0:15:35]} 32. Rg1 {[%emt 0:00:08]} Qg3 {[%emt 0:06:05]} 33. Rae1 {[%emt 0:03:48]} Nxg2 {[%emt 0:10:33]} 34. Rxe2 {[%emt 0:01:15]} Bxe2 {[%emt 0:01:54]} 35. Qxe2 {[%emt 0:00:18]} Qxh3 {[%emt 0:02:39]} 36. Rxg2 {[%emt 0:01:36]} Qf5 {[%emt 0:02:04]} 37. Rg1 {[%emt 0:00:37]} Qf7 {[%emt 0:01:12]} 38. Ng4 {[%emt 0:00:56]} Qh5+ {[%emt 0:00:31]} 39. Qh2 {[%emt 0:00:05]} Qxh2+ {[%emt 0:00:19]} 40. Kxh2 {[%emt 0:00:05]} Kh7 {[%emt 0:01:08]} 41. Ra1 {[%emt 0:33:34]} Rb6 {[%emt 0:35:18]} 42. Nc5 {[%emt 0:00:40]} Rc8 {[%emt 0:00:37]} 43. Ne5 {[%emt 0:01:42]} g5 {[%emt 0:00:32]} 44. Kh3 {[%emt 0:01:15]} h5 {[%emt 0:00:30]} 45. Ra5 {[%emt 0:02:28]} Rh6 {[%emt 0:00:00]} 46. Kg2 {[%emt 0:02:42]} g4 {[%emt 0:00:00]} 47. fxg4 {[%emt 0:00:07]} hxg4 {[%emt 0:00:00]} 48. Nxg4 {[%emt 0:00:52]} Rg8 {[%emt 0:00:00]} 49. Kf3 {[%emt 0:00:03]} Rh3+ {[%emt 0:00:00]} 50. Kxf4 {[%emt 0:00:03]} Rh4 {[%emt 0:00:00]} 51. Rxa6 {[%emt 0:00:22]} Rhxg4+ {[%emt 0:00:00]} 52. Ke5 {[%emt 0:00:11]} R8g5+ {[%emt 0:00:00]} 53. Kd6 {[%emt 0:00:18]} Rg3 {[%emt 0:00:00]} 54. Ra3 {[%emt 0:02:04]} Rf5 {[%emt 0:00:00]} 55. Kc6 {[%emt 0:01:57]} Kg8 {[%emt 0:00:00]} 56. Ra8+ {[%emt 0:00:19]} Kf7 {[%emt 0:00:00]} 57. Ra7+ {[%emt 0:00:28]} Kg8 {[%emt 0:00:17]} 58. Ra3 {[%emt 0:00:25]} Kf7 {[%emt 0:01:21]} 59. b5 {[%emt 0:00:57]} Rg6+ {[%emt 0:00:33]} 60. Kb7 {[%emt 0:00:09]} Rff6 {[%emt 0:02:09]} 61. Ra6 {[%emt 0:00:40]} Ke7 {[%emt 0:02:31]} 62. Rxf6 {[%emt 0:00:57]} Rxf6 {[%emt 0:00:22]} 63. b6 {[%emt 0:00:25]} Kd6 {[%emt 0:01:25]} 64. Ka7 {[%emt 0:00:45]} Kc6 {[%emt 0:01:08]} 65. b7 {[%emt 0:00:05]} Rf7 {[%emt 0:00:37]} 66. Ka8 {[%emt 0:00:08]} Rxb7 {[%emt 0:00:21]} 67. Nxb7 {[%emt 0:00:06]} Kb5 {[%emt 0:00:05]} 68. Nd6+ {[%emt 0:01:04]} Kc6 {[%emt 0:00:18]} 69. Nf5 {[%emt 0:00:28]} Kb5 {[%emt 0:00:35]} 70. Ne3 {[%emt 0:00:07]} Kc6 {[%emt 0:00:07]} 71. Nxd5 {[%emt 0:00:05]} Kxd5 {[%emt 0:00:11]} 72. Kb7 {[%emt 0:00:04]} Kc4 {[%emt 0:00:18]} 73. Kc6 {[%emt 0:00:05]} Kxc3 {[%emt 0:00:17]} 74. d5 {[%emt 0:00:03]} Kd4 {[%emt 0:00:07]} 75. d6 {[%emt 0:00:07]} Ke5 {[%emt 0:00:17]} 76. d7 {[%emt 0:00:03]} Ke6 {[%emt 0:00:11]} 77. d8=Q {[%emt 0:00:06]} Kf7 {[%emt 0:00:08]} 78. Qd6 {[%emt 0:00:05]} Kg7 {[%emt 0:00:23]} 79. Qe6 {[%emt 0:00:04]} Kh7 {[%emt 0:00:16]} 80. Qf6 {[%emt 0:00:05]} Kg8 {[%emt 0:00:09]} 81. Qe7 {[%emt 0:00:04]} Kh8 {[%emt 0:00:09]} 82. Kd6 {[%emt 0:00:03]} Kg8 {[%emt 0:00:11]} 83. Ke6 {[%emt 0:00:04]} Kh8 {[%emt 0:00:06]} 84. Kf6 {[%emt 0:00:03]} Kg8 {[%emt 0:00:06]} 85. Qg7# 1-0

[Event "GER-ch Youth U12 2020"]
[Site "Willingen"]
[Date "2020.10.28"]
[Round "2.6"]
[White "Udelnov, Valentin"]
[Black "Kiefhaber, Tobias"]
[Result "1/2-1/2"]
[WhiteElo "1691"]
[BlackElo "1542"]
[Annotator "NA RC"]
[PlyCount "161"]
[EventDate "2020.10.27"]
[EventType "swiss"]
[EventRounds "7"]
[EventCountry "GER"]
[SourceTitle "playchess.com"]
[Source "ChessBase"]
[SourceQuality "1"]
[TimeControl "40/5400+30:1800+30"]

1. e4 {[%emt 0:00:00]} c6 {[%emt 0:00:00]} 2. d4 {[%emt 0:00:00]} d5 {[%emt 0:00:00]} 3. exd5 {[%emt 0:00:09]} cxd5 {[%emt 0:00:00]} 4. Bd3 {[%emt 0:00:33]} Nc6 {[%emt 0:00:20]} 5. c3 {[%emt 0:00:20]} Nf6 {[%emt 0:01:06]} 6. Bf4 {[%emt 0:00:53]} Bg4 {[%emt 0:04:14]} 7. Qb3 {[%emt 0:02:16]} Qb6 {[%emt 0:03:13]} 8. Qxb6 {[%emt 0:05:18]} axb6 {[%emt 0:00:12]} 9. Na3 {[%emt 0:00:42]} Kd7 {[%emt 0:07:33]} 10. h3 {[%emt 0:04:49]} Bh5 {[%emt 0:03:03]} 11. Nb5 {[%emt 0:04:14]} Bg6 {[%emt 0:04:19]} 12. Be2 {[%emt 0:00:55]} Ne8 {[%emt 0:04:56]} 13. c4 {[%emt 0:08:05]} Nb4 {[%emt 0:06:21]} 14. Kd2 {[%emt 0:02:29]} Nf6 {[%emt 0:13:21]} 15. Nc3 {[%emt 0:08:53]} Nc2 {[%emt 0:06:48]} 16. Rc1 {[%emt 0:02:49]} Nxd4 {[%emt 0:00:53]} 17. cxd5 {[%emt 0:00:20]} Rc8 {[%emt 0:02:53]} 18. Nf3 {[%emt 0:04:17]} Nxf3+ {[%emt 0:10:09]} 19. Bxf3 {[%emt 0:00:56]} Rc4 {[%emt 0:03:23]} 20. Be5 {[%emt 0:06:42]} Be4 {[%emt 0:05:04]} 21. Be2 {[%emt 0:03:30]} Rb4 {[%emt 0:02:43]} 22. Bxf6 {[%emt 0:06:52]} gxf6 {[%emt 0:01:10]} 23. Nxe4 {[%emt 0:01:49]} Rxe4 {[%emt 0:01:33]} 24. Bg4+ {[%emt 0:01:21]} Kd6 {[%emt 0:01:37]} 25. Kd3 {[%emt 0:01:00]} Ra4 {[%emt 0:05:44]} 26. Rc8 {[%emt 0:02:08]} Bg7 {[%emt 0:02:38]} 27. a3 {[%emt 0:09:25]} f5 {[%emt 0:05:27]} 28. Bxf5 {[%emt 0:03:09]} Rxc8 {[%emt 0:01:31]} 29. Bxc8 {[%emt 0:00:09]} Bxb2 {[%emt 0:01:08]} 30. Bxb7 {[%emt 0:00:28]} Bxa3 {[%emt 0:01:05]} 31. Bc6 {[%emt 0:03:16]} Rf4 {[%emt 0:01:26]} 32. Ra1 {[%emt 0:02:07]} Bc5 {[%emt 0:01:13]} 33. f3 {[%emt 0:00:46]} e6 {[%emt 0:00:48]} 34. Ra4 {[%emt 0:01:22]} Rxa4 {[%emt 0:00:33]} 35. Bxa4 {[%emt 0:00:06]} exd5 {[%emt 0:00:24]} 36. Bb5 {[%emt 0:00:27]} Ke5 {[%emt 0:00:32]} 37. g3 {[%emt 0:01:47]} Bf2 {[%emt 0:00:26]} 38. f4+ {[%emt 0:00:39]} Kd6 {[%emt 0:00:38]} 39. g4 {[%emt 0:00:55]} f6 {[%emt 0:00:30]} 40. Kc3 {[%emt 0:02:39]} Bg3 {[%emt 0:00:28]} 41. f5 {[%emt 0:30:19]} Ke5 {[%emt 0:00:54]} 42. Bd3 {[%emt 0:00:00]} Bf2 {[%emt 0:02:50]} 43. Ba6 {[%emt 0:00:00]} h6 {[%emt 0:01:22]} 44. Bb5 {[%emt 0:00:00]} Bc5 {[%emt 0:01:10]} 45. Bd3 {[%emt 0:00:00]} Kf4 {[%emt 0:01:16]} 46. Bf1 {[%emt 0:00:00]} Ke3 {[%emt 0:01:06]} 47. Kb3 {[%emt 0:00:00]} d4 {[%emt 0:01:06]} 48. Kc4 {[%emt 0:00:00]} Bd6 {[%emt 0:01:22]} 49. h4 {[%emt 0:00:00]} Bf4 {[%emt 0:01:00]} 50. g5 {[%emt 0:01:36]} hxg5 {[%emt 0:00:48]} 51. hxg5 {[%emt 0:00:58]} Bxg5 {[%emt 0:00:15]} 52. Bh3 {[%emt 0:04:12]} d3 {[%emt 0:00:53]} 53. Kc3 {[%emt 0:00:05]} d2 {[%emt 0:00:25]} 54. Kc2 {[%emt 0:00:07]} Kf2 {[%emt 0:00:18]} 55. Kd1 {[%emt 0:00:13]} b5 {[%emt 0:00:39]} 56. Bg4 {[%emt 0:00:47]} b4 {[%emt 0:00:12]} 57. Be2 {[%emt 0:00:27]} Ke3 {[%emt 0:00:32]} 58. Bc4 {[%emt 0:00:29]} Kd4 {[%emt 0:00:33]} 59. Bg8 {[%emt 0:02:48]} Kc3 {[%emt 0:00:33]} 60. Bf7 {[%emt 0:00:11]} b3 {[%emt 0:00:13]} 61. Be6 {[%emt 0:00:05]} Kb2 {[%emt 0:00:41]} 62. Bd5 {[%emt 0:00:11]} Ka3 {[%emt 0:00:19]} 63. Be4 {[%emt 0:00:16]} Kb2 {[%emt 0:03:13]} 64. Bd5 {[%emt 0:00:08]} Kc3 {[%emt 0:02:10]} 65. Be6 {[%emt 0:02:48]} Kb4 {[%emt 0:03:29]} 66. Bd5 {[%emt 0:00:23]} Bf4 {[%emt 0:02:01]} 67. Ke2 {[%emt 0:01:25]} Kc3 {[%emt 0:01:15]} 68. Kd1 {[%emt 0:00:19]} Be3 {[%emt 0:00:49]} 69. Be6 {[%emt 0:00:42]} Bc5 {[%emt 0:00:26]} 70. Bf7 {[%emt 0:00:49]} Ba3 {[%emt 0:00:47]} 71. Be6 {[%emt 0:00:14]} Bc1 {[%emt 0:01:37]} 72. Bf7 {[%emt 0:00:50]} Kb4 {[%emt 0:00:23]} 73. Bd5 {[%emt 0:00:08]} Ka3 {[%emt 0:00:42]} 74. Be4 {[%emt 0:00:12]} Ka2 {[%emt 0:00:15]} 75. Bd5 {[%emt 0:00:06]} Kb2 {[%emt 0:00:47]} 76. Bc4 {[%emt 0:00:22]} Kc3 {[%emt 0:00:25]} 77. Be6 {[%emt 0:00:10]} b2 78. Ba2 {[%emt 0:00:14]} Kd3 {[%emt 0:00:31]} 79. Bb1+ {[%emt 0:00:24]} Ke3 {[%emt 0:00:04]} 80. Bc2 {[%emt 0:00:05]} Kf3 {[%emt 0:00:06]} 81. Bb1 {[%emt 0:00:06]} 1/2-1/2